[Event "Wch U16 Girls"]
[Site "Florianopolis"]
[Date "2024.11.03"]
[Round "6"]
[White "Christodoulou, Georgia"]
[Black "Fabio, Sara"]
[Result "1/2-1/2"]
[WhiteElo "1729"]
[BlackElo "1862"]
[PlyCount "102"]
[EventDate "2024.10.29"]
[EventType "swiss"]
[EventRounds "11"]
[EventCountry "BRA"]
[SourceTitle "CB45_2024"]
[Source "ChessBase"]
[SourceDate "2024.11.06"]
[SourceVersion "1"]
[SourceVersionDate "2024.11.06"]
[SourceQuality "1"]

1. e4 c6 2. d4 d5 3. Nd2 dxe4 4. Nxe4 Nf6 5. Nxf6+ exf6 6. Bc4 Bd6 7. Qe2+ Qe7 8. Qxe7+ Bxe7 9. Bf4 Bf5 10. Kd2 0-0 11. Ne2 Rd8 12. Rhe1 Be6 13. Bd3 c5 14. c3 Nc6 15. Be3 cxd4 16. Nxd4 Nxd4 17. Bxd4 Rxd4 18. cxd4 Bb4+ 19. Ke3 Re8 20. Kf4 g5+ 21. Kg3 Bxe1 22. Rxe1 Rd8 23. Rd1 Bxa2 24. Be4 Bd5 25. Kf3 f5 26. Bxd5 Rxd5 27. Ke3 Kf8 28. Rc1 Rb5 29. Rc2 Rb3+ 30. Kd2 Ke7 31. Kc1 Rb6 32. Rc5 Rc6 33. Rxc6 bxc6 34. Kd2 Kd6 35. h3 Kd5 36. Kd3 g4 37. f3 gxf3 38. gxf3 c5 39. dxc5 Kxc5 40. Kc3 a5 41. Kb3 Kb5 42. Ka3 Kc5 43. f4 Kb5 44. b3 h6 45. h4 h5 46. Kb2 Kc5 47. Kc3 Kd5 48. Kd3 f6 49. Ke3 Kc5 50. Kd3 Kb4 51. Kc2 Kb5 1/2-1/2

[Event "Wch U16 Girls"]
[Site "Florianopolis"]
[Date "2024.10.29"]
[Round "1"]
[White "Fabio, Sara"]
[Black "Monchosi, Atlegang"]
[Result "1/2-1/2"]
[WhiteElo "1862"]
[BlackElo "1560"]
[PlyCount "113"]
[EventDate "2024.10.29"]
[EventType "swiss"]
[EventRounds "11"]
[EventCountry "BRA"]
[SourceTitle "CB45_2024"]
[Source "ChessBase"]
[SourceDate "2024.11.06"]
[SourceVersion "1"]
[SourceVersionDate "2024.11.06"]
[SourceQuality "1"]

1. e4 e5 2. Nf3 Nc6 3. d4 exd4 4. Bc4 d6 5. Nxd4 Nxd4 6. Qxd4 Be6 7. Bxe6 fxe6 8. e5 dxe5 9. Qxe5 Qd6 10. Qb5+ Qc6 11. Qxc6+ bxc6 12. 0-0 Bd6 13. Nc3 Nf6 14. Re1 Kf7 15. h3 Rab8 16. Ne4 Nd5 17. Ng5+ Kg8 18. Nxe6 h6 19. Nd4 c5 20. Nf5 Kf7 21. b3 Nb4 22. Nxd6+ cxd6 23. Re2 Rhe8 24. Be3 Nd5 25. Rae1 Nc3 26. Rd2 Re6 27. Rd3 Nxa2 28. Ra1 Nb4 29. Rxa7+ Kf6 30. Rd2 Rb6 31. c3 Nc6 32. Rc7 Ne5 33. Bf4 g5 34. Bxe5+ Rxe5 35. b4 cxb4 36. cxb4 Re4 37. b5 Re5 38. Rc6 Rxc6 39. bxc6 Ke7 40. c7 Rc5 41. h4 Rxc7 42. hxg5 hxg5 43. Rd5 Rc5 44. Rd3 Re5 45. Kh2 Ke6 46. Kg3 Re4 47. Rf3 d5 48. Rf8 Ke5 49. f3 Rf4 50. Rg8 Kf5 51. Rh8 d4 52. Ra8 Ke5 53. Ra5+ Kf6 54. Rd5 Kg6 55. Kf2 g4 56. Kg3 gxf3 57. gxf3 1/2-1/2